000 00833caa a22002417a 4500
999 _c410643
_d410643
001 123525
003 UA-OsUOA
005 20191217190844.0
007 ta
008 20170622b un ||||| |||| 00| 0 ukr d
040 _aUA-OsUOA
_bukr
_cUA-OsUOA
_dUA-OsUOA
041 _aukr
080 _a908
090 _a908
_bД33
100 _aДенисюк О.
245 _aПередумови відродження Острозької академії (1989–1994 рр.)
_cДенисюк О.
300 _aС. 101–103
650 7 _a908 Краєзнавство
_2UDC
773 0 _0399319
_9416567
_dОстрог НаУОА 2015
_o148882
_tОстрозький краєзнавчий збірник
_w(UA-OsUOA) 113462
942 _cBKA
_2udc
955 _a1